50 biggest cities in Idaho 2010 - Statistics

General Stats
  • This quiz has been taken 406 times
  • The average score is 24 of 50
Answer Stats
Hint Answer % Correct
1 205,671 Boise
100%
4 56,813 Idaho Falls
92%
2 81,557 Nampa
88%
8 44,125 Twin Falls
87%
3 75,092 Meridian
82%
5 54,255 Pocatello
82%
12 23,800 Moscow
76%
7 44,137 Coeur d'Alene
74%
9 31,894 Lewiston
73%
6 46,237 Caldwell
72%
11 25,484 Rexburg
72%
13 19,908 Eagle
64%
15 14,206 Mountain Home
62%
25 7,265 Sandpoint
59%
19 11,899 Blackfoot
58%
10 27,574 Post Falls
57%
21 10,890 Jerome
56%
14 15,210 Kuna
55%
22 10,345 Burley
53%
43 3,112 Salmon
53%
46 2,991 McCall
51%
34 4,457 American Falls
44%
31 5,507 Weiser
44%
17 13,816 Ammon
42%
48 2,689 Ketchum
42%
18 13,294 Hayden
41%
37 3,945 Rigby
41%
16 13,922 Chubbuck
40%
23 7,960 Hailey
38%
30 5,524 Middleton
38%
24 7,433 Payette
38%
39 3,542 St. Anthony
37%
20 10,972 Garden City
36%
42 3,141 Grangeville
36%
27 6,557 Emmett
35%
28 5,793 Star
35%
32 5,204 Preston
34%
38 3,567 Gooding
33%
36 4,122 Buhl
31%
33 4,684 Fruitland
31%
29 5,554 Rupert
30%
35 4,409 Shelley
30%
45 3,058 Soda Springs
29%
41 3,142 Orofino
28%
40 3,264 Kimberly
26%
49 2,633 Homedale
23%
50 2,597 Montpelier
19%
26 6,826 Rathdrum
19%
47 2,782 Wendell
17%
44 3,089 Heyburn
15%
No matching quizzes found
Score Distribution
Percent of People with Each Score
Percentile by Number Answered
Your Score History
You have not taken this quiz